00781 a2200157 4500003000500000005001700005040000900022082000800031100001900039245005500058260003000113300001300143505042300156538002900579650001500608Nust20170207153947.0 cNust a310 aBhatti.A Iqbal aIntermediate Practical StatisticscIqbal A. Bhatti aJhelumbBhatti Publishers a111, p.; aTabulation of Statistical Data (Page-1) Diagrammatic and Graphic Representation of Data (Page-3) Logarithms (Page-12) Measures of Central Tendency (Page-17) Measures of Dispersion (Page-34) Moments and Skewness (Page-43) Index Numbers (Page-54) Analysis of the Time Series (Page-60) Simple Correlation (Page-75) Chi- Square (Page-79) Interpolation (Page-84) Curve Fitting (Page-89) Theoretical Distributions (Page-97)  aAlmirah No.50 Shelf No.2 astatistics